Development and developers: perspectives on property (Record no. 101643)

MARC details
000 -LEADER
fixed length control field 01277cam a2200289 4500
008 - FIXED-LENGTH DATA ELEMENTS--GENERAL INFORMATION
fixed length control field 010921n2002 000 0 eng u
020 ## - INTERNATIONAL STANDARD BOOK NUMBER
International Standard Book Number 0632058420
035 ## - SYSTEM CONTROL NUMBER
System control number (Sirsi) u114717
041 ## - LANGUAGE CODE
Language code of text/sound track or separate title eng.
050 ## - LIBRARY OF CONGRESS CALL NUMBER
Classification number 333.33
100 ## - MAIN ENTRY--PERSONAL NAME
Personal name Guy, S.
245 ## - TITLE STATEMENT
Title Development and developers: perspectives on property
260 ## - PUBLICATION, DISTRIBUTION, ETC.
Place of publication, distribution, etc. Oxford
Name of publisher, distributor, etc. Blackwell Science Limited
Date of publication, distribution, etc. 2002
300 ## - PHYSICAL DESCRIPTION
Extent xii,308p.
Dimensions 25cm.
350 ## - PRICE (NR) (BK AM CF MU VM SE) [OBSOLETE]
Price 32.50
490 ## - SERIES STATEMENT
Series statement Blackwell Real Estate Issues
520 ## - SUMMARY, ETC.
Summary, etc. Presents an interdisciplinary view of property development and property developers. Includes fourteen contributions from leading researchers and respected practitioners. Among the areas explored are: the development of qualitative and quantitative research methods; theories ranging from mainstream economics to social constructivism; and the inter-relationships between the economic and the social, and between individuals and organisations and their environments.
650 ## - SUBJECT ADDED ENTRY--TOPICAL TERM
Topical term or geographic name entry element PROPERTY DEVELOPERS
650 ## - SUBJECT ADDED ENTRY--TOPICAL TERM
Topical term or geographic name entry element RESEARCH METHODS
650 ## - SUBJECT ADDED ENTRY--TOPICAL TERM
Topical term or geographic name entry element PROPERTY DEVELOPMENT
650 ## - SUBJECT ADDED ENTRY--TOPICAL TERM
Topical term or geographic name entry element PROPERTY RESEARCH
650 ## - SUBJECT ADDED ENTRY--TOPICAL TERM
Topical term or geographic name entry element REAL ESTATE MARKET
690 ## - LOCAL SUBJECT ADDED ENTRY--TOPICAL TERM (OCLC, RLIN)
Topical term or geographic name as entry element DEVELOPMENT
700 ## - ADDED ENTRY--PERSONAL NAME
Personal name Henneberry, John M.
710 ## - ADDED ENTRY--CORPORATE NAME
Corporate name or jurisdiction name as entry element Royal Institution of Chartered Surveyors
Subordinate unit Foundation
9 (RLIN) 4173
942 ## - ADDED ENTRY ELEMENTS (KOHA)
Suppress in OPAC 0
Holdings
Withdrawn status Lost status Damaged status Not for loan Home library Current library Shelving location Date acquired Cost, normal purchase price Total Checkouts Full call number Barcode Date last seen Date last checked out Copy number Cost, replacement price Price effective from Koha item type Source of classification or shelving scheme
  Missing     London London Missing 29/04/2002 27.62 31 333.33 GUY 30065408 06/08/2019 18/04/2006 1 27.62 06/08/2019 Book  
        London London Books 18/05/2006   19 333.33 GUY 30072995 06/08/2019 01/10/2009 3   06/08/2019 Book Dewey Decimal Classification